|
|
|
|
| LEADER |
00000cam a2200000 cc4500 |
| 001 |
1158549288 |
| 003 |
DE-627 |
| 005 |
20251225181619.0 |
| 007 |
tu |
| 008 |
001206s2000 xx ||||| 00| ||eng c |
| 010 |
|
|
|a 00132517
|
| 020 |
|
|
|a 0379214288
|9 0-379-21428-8
|
| 035 |
|
|
|a (DE-627)1158549288
|
| 035 |
|
|
|a (DE-576)088549283
|
| 035 |
|
|
|a (DE-599)BSZ088549283
|
| 035 |
|
|
|a (OCoLC)248043375
|
| 040 |
|
|
|a DE-627
|b ger
|c DE-627
|e rakwb
|
| 041 |
|
|
|a eng
|
| 082 |
0 |
|
|a 345.73/02
|
| 100 |
1 |
|
|a Alexander, Yonah
|4 aut
|
| 245 |
1 |
0 |
|a Legal aspects of terrorism in the United States
|n 1
|p State legislation
|c Yonah Alexander and Edgar H. Brenner
|
| 264 |
|
1 |
|a Dobbs Ferry, NY
|b Oceana Publ.
|c 2000
|
| 300 |
|
|
|a 360 S
|
| 336 |
|
|
|a Text
|b txt
|2 rdacontent
|
| 337 |
|
|
|a ohne Hilfsmittel zu benutzen
|b n
|2 rdamedia
|
| 338 |
|
|
|a Band
|b nc
|2 rdacarrier
|
| 490 |
1 |
|
|a Terrorism
|a Second series
|v 9
|
| 655 |
|
7 |
|a Quelle
|0 (DE-588)4135952-5
|0 (DE-627)105661236
|0 (DE-576)209665084
|2 gnd-content
|
| 689 |
0 |
0 |
|d g
|0 (DE-588)4078704-7
|0 (DE-627)106076612
|0 (DE-576)209209682
|a USA
|2 gnd
|
| 689 |
0 |
1 |
|d s
|0 (DE-588)4059534-1
|0 (DE-627)106143212
|0 (DE-576)209131136
|a Terrorismus
|2 gnd
|
| 689 |
0 |
2 |
|d s
|0 (DE-588)4009003-6
|0 (DE-627)106365185
|0 (DE-576)208879773
|a Bundesrecht
|2 gnd
|
| 689 |
0 |
|
|5 (DE-627)
|
| 689 |
1 |
0 |
|d g
|0 (DE-588)4078704-7
|0 (DE-627)106076612
|0 (DE-576)209209682
|a USA
|2 gnd
|
| 689 |
1 |
1 |
|d s
|0 (DE-588)4271809-0
|0 (DE-627)104496916
|0 (DE-576)210684712
|a Bundesstaaten
|2 gnd
|
| 689 |
1 |
2 |
|d s
|0 (DE-588)4059534-1
|0 (DE-627)106143212
|0 (DE-576)209131136
|a Terrorismus
|2 gnd
|
| 689 |
1 |
3 |
|d s
|0 (DE-588)4112701-8
|0 (DE-627)104321679
|0 (DE-576)209470127
|a Bekämpfung
|2 gnd
|
| 689 |
1 |
4 |
|d s
|0 (DE-588)4048737-4
|0 (DE-627)106189719
|0 (DE-576)20907907X
|a Recht
|2 gnd
|
| 689 |
1 |
|
|5 (DE-627)
|
| 689 |
2 |
0 |
|d g
|0 (DE-588)4078704-7
|0 (DE-627)106076612
|0 (DE-576)209209682
|a USA
|2 gnd
|
| 689 |
2 |
1 |
|d s
|0 (DE-588)4271809-0
|0 (DE-627)104496916
|0 (DE-576)210684712
|a Bundesstaaten
|2 gnd
|
| 689 |
2 |
2 |
|d s
|0 (DE-588)4067915-9
|0 (DE-627)106107100
|0 (DE-576)209172010
|a Zivilschutz
|2 gnd
|
| 689 |
2 |
3 |
|d s
|0 (DE-588)4048737-4
|0 (DE-627)106189719
|0 (DE-576)20907907X
|a Recht
|2 gnd
|
| 689 |
2 |
|
|5 (DE-627)
|
| 700 |
1 |
|
|a Brenner, Edgar H.
|4 aut
|
| 773 |
1 |
8 |
|a Legal aspects of terrorism in the United States
|w (DE-627)1158549156
|w (DE-576)088549151
|g 1
|q 1
|7 nnam
|
| 830 |
|
0 |
|a Terrorism
|n Second series
|v 9
|9 9
|w (DE-627)1757073973
|w (DE-576)030966701
|w (DE-600)3062886-6
|x 1064-9352
|7 am
|
| 935 |
|
|
|a mkri
|
| 951 |
|
|
|a MV
|
| ELC |
|
|
|b 1
|
| LOK |
|
|
|0 000 xxxxxcx a22 zn 4500
|
| LOK |
|
|
|0 001 2387771842
|
| LOK |
|
|
|0 003 DE-627
|
| LOK |
|
|
|0 004 1158549288
|
| LOK |
|
|
|0 005 20001212000000
|
| LOK |
|
|
|0 008 001212||||||||||||||||ger|||||||
|
| LOK |
|
|
|0 040
|a DE-Frei85
|c DE-627
|d DE-Frei85
|
| LOK |
|
|
|0 852
|a DE-Frei85
|
| LOK |
|
|
|0 852 1
|m p
|9 00
|
| LOK |
|
|
|0 938
|k p
|
| LOK |
|
|
|0 939
|a 12-12-00
|b l01
|
| ORI |
|
|
|a SA-MARC-krimdoka001.raw
|